[Event "Ambalangoda Dhamso op 5th"]
[Site "Ambalangoda"]
[Date "2015.05.29"]
[Round "2"]
[White "Srinath, KAD"]
[Black "De Silva, Osheen"]
[Result "0-1"]
[WhiteElo "1136"]
[BlackElo "1888"]
[PlyCount "66"]
[EventDate "2015.05.29"]
[EventType "swiss"]
[EventRounds "9"]
[EventCountry "SRI"]
[SourceTitle "EXT 2016"]
[Source "ChessBase"]
[SourceDate "2015.10.08"]
[SourceVersion "1"]
[SourceVersionDate "2015.10.08"]
[SourceQuality "1"]

1. e3 e5 2. a3 d5 3. d3 c5 4. h3 Nc6 5. Be2 Nf6 6. Bd2 Qb6 7. Qc1 Bd6 8. Nc3 0-0 9. Nf3 e4 10. dxe4 dxe4 11. Ng5 Bf5 12. Bc4 h6 13. Nxf7 Rxf7 14. Bxf7+ Kxf7 15. 0-0 Ne5 16. Rb1 Qc7 17. Ne2 Bxh3 18. gxh3 Nf3+ 19. Kg2 Nh4+ 20. Kh1 Qd7 21. Ng1 Nf3 22. Kg2 Qf5 23. Qd1 Qg5+ 24. Kh1 Nh4 25. Qg4 Nxg4 26. f4 Qh5 27. Ne2 Nf3 28. Kg2 Nxd2 29. Ng3 Nxe3+ 30. Kf2 Qf3+ 31. Ke1 Nexf1 32. Rd1 Qxg3+ 33. Ke2 Qe3# 0-1